Návrh a tvorba automatizovaného systému strojového videnia pre rozpoznávanie dopravných značiek s využitím vnorenej platformy OpenMV

Gespeichert in:
Bibliographische Detailangaben
1. Verfasser: Holásek, Joachim (Verfasst von)
Weitere Verfasser: Vachálek, Ján (Betreuung Doktorarbeit)
Format: Manuskript Buch
Sprache:Slowakisch
Veröffentlicht: 2024
Schlagworte:
Online-Zugang:http://is.stuba.sk/zp/portal_zp.pl?podrobnosti=179138
Tags: Tag hinzufügen
Keine Tags, Fügen Sie das erste Tag hinzu!

MARC

LEADER 00000ntm a22000003a 4500
001 stuzp99393
003 SK-STU
005 20241120084140.2
007 ta
008 150427s2015----xo-----f-mn---000-0-slo-d
040 |a STU  |b slo 
041 0 |a slo 
100 1 |a Holásek, Joachim  |u 020020  |4 aut  |U SjF Strojnícka fakulta  |T SjF Ústav automatizácie, informatizácie a merania  |X 98892  |U J0020  |Y 802  |7 98892 
242 0 1 |a Design and Development of an Automated Machine Vision System for Traffic Sign Recognition Using the OpenMV Embedded Platform  |y eng 
245 1 0 |a Návrh a tvorba automatizovaného systému strojového videnia pre rozpoznávanie dopravných značiek s využitím vnorenej platformy OpenMV 
260 |c 2024 
650 4 |a dopravné značky  |2 slo 
650 4 |a Edge Impulse  |2 slo 
650 4 |a OpenMV  |2 slo 
650 4 |a Edge Impulse  |2 eng 
650 4 |a OpenMV  |2 eng 
650 4 |a traffic signs  |2 eng 
700 1 |a Vachálek, Ján  |u 020020  |k Z1  |4 ths  |U SjF Strojnícka fakulta  |T SjF Ústav automatizácie, informatizácie a merania  |X 2232  |U J0020  |Y 802  |7 A000002232 
856 4 |u http://is.stuba.sk/zp/portal_zp.pl?podrobnosti=179138 
996 |b 284J047656  |c J* 3751/DDP  |l JJSK  |s A  |a 24  |w stuzp99393_0001